00409nam a2200157Ia 4500003000400000005001700004008004100021020001800062040000900080082001700089100002500106245004400131250001200175260005500187300000900242OSt20201008111434.0190216s9999||||xx |||||||||||||| ||und|| a9788177581652 coclc a004.6bTAN/C aTanenbaum, Andrew S  0aComputer Networks /cAndrew S Tanenbaum a4th Ed. bPrentice Hall Of India Pvt Ltd,c2009.aNew Delhi: a891p